00408nam a2200181Ia 4500003000400000005001700004008004100021020002200062040000700084041000800091082001500099100002200114245000800136260003200144300001700176365001300193650002000206OSt20230523142121.0210423s2007 xx 000 0 und d a978-0-553-21332-4 cAL aeng a823.8 KIPK aKIPLING (Rudyard) aKim aNew YorkbBantam dellc2007 axvii,300bPB b199cINR aEnglish Fiction